00282nam a2200109Ia 4500008004100000100001700041245005100058260002400109650001700133942000700150999001500157190216s9999||||xx |||||||||||||| ||und|| aEmil H White 0aChemical Background For The Biological Science bPrentice Hall India aBiochemistry cBK c1025d1025